期刊信息 |
| 索取号 |
Z6/BJZHB
|
| 题名 |
BEIJING REVIEW
|
| 作者 |
|
| 分册号 |
|
| 分册名 |
|
| 出版地 |
|
| 出版者 |
|
| 标准刊号 |
1000-9140
|
| 出版频率 |
周刊
|
| 中图法分类 |
Z6
|
| 主题词 |
期刊; 连续出版物; 报刊; 报纸; 快报
|
| 电子资源 | |
| |
|
| 000 | 00611nas0 2200241 45 | |
| 001 | 0753347780 | |
| 005 | 20140923145014.70 | |
| 011 | @a1000-9140@dCNY5.88(2018) | |
| 092 | @b2-922 | |
| 100 | @a20070416d km y0chiy0120 ea | |
| 101 | 0 | @aeng@geng |
| 200 | 1 | @aBEIJING REVIEW@d=北京周报 |
| 207 | @aBEIJING REVIEW is published weekly for US$64.00 per year by Cypress Book (U.S.)Co.,Inc. | |
| 326 | @a周刊 | |
| 510 | @a北京周报 | |
| 606 | 0 | @a期刊 |
| 606 | 0 | @a连续出版物 |
| 606 | 0 | @a报刊 |
| 606 | 0 | @a报纸 |
| 606 | 0 | @a快报 |
| 690 | @aZ6@v4 | |
| 801 | 0 | @aCN@bPFT@c20070416 |
| 905 | @aTJWY@dZ6@eBJZHB | |
| BEIJING REVIEW=北京周报.-BEIJING REVIEW is published weekly for US$64.00 per year by Cypress Book (U.S.)Co.,Inc. |
| ←并列题名:北京周报 |
| ISSN 1000-9140:CNY5.88(2018) |
| ● |
| 相关链接: |
|
|
|
|